| 000 | 00388nam a22001577a 4500 | ||
|---|---|---|---|
| 020 | _a0-439-49864-3 | ||
| 082 |
_a823 _bPAR/J |
||
| 100 | _aPARK, BARBARA | ||
| 245 |
_aJUNIE B, FIRST GRADER _bBOSS OF LUNCH |
||
| 246 |
_aJUNIE B, FIRST GRADER _bBOSS OF LUNCH |
||
| 260 |
_aNEW YORK _bSCHOLASTIC INC. _c2002 |
||
| 300 | _a77 | ||
| 520 | _aSHORT STORY | ||
| 650 | _aSHORT STORY | ||
| 942 | _cBK | ||
| 999 |
_c2749 _d2749 |
||